| 000 | 01455nam a2200325Ia 4500 | ||
|---|---|---|---|
| 001 | ebr10015830 | ||
| 003 | CaPaEBR | ||
| 006 | m u | ||
| 007 | cr cn||||||||| | ||
| 008 | 020208s2002 enk sb 001 0 eng d | ||
| 020 | _z9781841508221 | ||
| 020 | _z1841500593 | ||
| 020 | _z1841508225 | ||
| 040 |
_aCaPaEBR _cCaPaEBR |
||
| 035 | _a(OCoLC)50744825 | ||
| 050 | 1 | 4 |
_aPN1995.9.P6 _bW37 2002eb |
| 082 | 0 | 4 |
_a791.43658094 _221 |
| 100 | 1 | _aWayne, Mike. | |
| 245 | 1 | 4 |
_aThe politics of contemporary European cinema _h[electronic resource] : _bhistories, borders, diasporas / _cMike Wayne. |
| 260 |
_aBristol : _bIntellect, _c2002. |
||
| 300 | _aix, 146 p. | ||
| 504 | _aIncludes bibliographical references and index. | ||
| 505 | 0 | 0 |
_g1. _tEuropean Cinema: In The Shadow of Hollywood -- _g2. _tNational Cinema/International Markets -- _g3. _tPan-European Cinema -- _g4. _tAfter The Fall: Cinema and Central and Eastern Europe -- _g5. _tDiasporan Travels: British Asian Cinema. |
| 533 |
_aElectronic reproduction. _bPalo Alto, Calif. : _cebrary, _d2013. _nAvailable via World Wide Web. _nAccess may be limited to ebrary affiliated libraries. |
||
| 650 | 0 |
_aMotion pictures _zEurope _xPlots, themes, etc. |
|
| 650 | 0 | _aPolitics in motion pictures. | |
| 655 | 7 |
_aElectronic books. _2local |
|
| 710 | 2 | _aebrary, Inc. | |
| 856 | 4 | 0 |
_uhttp://site.ebrary.com/lib/rucke/Doc?id=10015830 _zAn electronic book accessible through the World Wide Web; click to view |
| 999 |
_c25756 _d25756 |
||